Normal view
MARC view
- الدليمي ، محمد عبدالله حمود
Entry Personal Name
001 - CONTROL NUMBER
- control field: 53060
003 - CONTROL NUMBER IDENTIFIER
- control field: JO-AjAnu
005 - DATE AND TIME OF LATEST TRANSACTION
- control field: 20230606082722.0
008 - FIXED-LENGTH DATA ELEMENTS
- fixed length control field: 230606|| aca||aabn | a|a d
040 ## - CATALOGING SOURCE
- Original cataloging agency: JO-AjAnu
- Transcribing agency: JO-AjAnu
100 ## - HEADING--PERSONAL NAME
- Personal name: الدليمي ، محمد عبدالله حمود
670 ## - SOURCE DATA FOUND
- Source citation: Work cat.: (JO-AjAnu)27110: الدليمي ، محمد عبدالله حمود , author, شرح قانون المرافعات البحريني وفقا لقانون الإجراءات المدنية والتجارية رقم (12) لسنة 1971 وتعديلاته